000 00442nam a22001817a 4500
003 CEME
005 20210628202423.0
008 210204b xxu||||| |||| 00| 0 eng d
020 _a0-07-112339-3
040 _c.
082 _a658 GOM
100 _aGomez-Mejia, Luis.R Balkin, David.B
_959835
245 _aManagement
260 _aNEW YORK
_bMCGRAW HILL
_c2002
300 _aXXXI,447P
650 _aMANAGEMENT
_917622
942 _cBK
_2ddc
999 _c569721
_d569721